Datum a čas kvízu

17.5 Celkem bodů Celkový počet nahraných bodů na tomto kvízu bez doplňovacích otázek.
6. Pořadí na kvízu Konečné umístění týmu na tomto kvízu.

Zaznamenané odpovědi

# Otázka Odpověď Body Výsledky
1. Město Znojmo sklidilo na velet... 1
2. Strana Alternativa pro Německo... 1
3. Radní centrálního městského ob... 1
4. Karlovarské minerální vody (KM... 1
5. Po dvaceti letech se v kolonce... 1
6. Rok 1989 si přirozeně spojujem... 1
7. Je samozřejmé, že události v z... 1
8. V tomto roce skončil i komunis... 1
9. Nejen politikou živ je člověk.... 1
10. Lidé narození roku 1989 patří... 1